América Latina y Estados Unidos : (Record no. 151410)
[ view plain ]
| 000 -LEADER | |
|---|---|
| fixed length control field | nam a22 7a 4500 |
| 005 - DATE AND TIME OF LATEST TRANSACTION | |
| control field | 20190920125045.0 |
| 008 - FIXED-LENGTH DATA ELEMENTS--GENERAL INFORMATION | |
| fixed length control field | 190920b mx ||||| |||| 00| 0 spa d |
| 020 ## - INTERNATIONAL STANDARD BOOK NUMBER | |
| International Standard Book Number | 9783534245512 |
| 050 04 - LIBRARY OF CONGRESS CALL NUMBER | |
| Classification number | F1418 |
| Item number | R56 2016 |
| 100 1# - MAIN ENTRY--PERSONAL NAME | |
| Personal name | Rinke, Stefan H., |
| Dates associated with a name | 1965- |
| 240 10 - UNIFORM TITLE | |
| Uniform title | Lateinamerika und die USA : eine Geschichte zwischen Räumen von der Kolonialzeit bis heute. |
| Language of a work | Español |
| 245 10 - TITLE STATEMENT | |
| Title | América Latina y Estados Unidos : |
| Remainder of title | una historia entre espacios desde la época colonial hasta hoy |
| Statement of responsibility, etc | / Stefan Rinke ; traducción, Marisol Palma Behnke |
| 250 ## - EDITION STATEMENT | |
| Edition statement | 1a ed. |
| 260 ## - PUBLICATION, DISTRIBUTION, ETC. (IMPRINT) | |
| Place of publication, distribution, etc | México : |
| Name of publisher, distributor, etc | El Colegio de México, Centro de Estudios Históricos : |
| Place of publication, distribution, etc | Madrid, España : |
| Name of publisher, distributor, etc | Marcial Pons : |
| Place of publication, distribution, etc | Berlín : |
| Name of publisher, distributor, etc | Universidad Libre de Berlín, |
| Date of publication, distribution, etc | 2016. |
| 300 ## - PHYSICAL DESCRIPTION | |
| Extent | 232 p. ; |
| Dimensions | 23 cm. |
| 500 ## - GENERAL NOTE | |
| General note | Titulo original : Lateinamerika und die USA : eine Geschichte zwischen Räumen von der Kolonialzeit bis heute. |
| 651 #7 - SUBJECT ADDED ENTRY--GEOGRAPHIC NAME | |
| Source of heading or term | lemb |
| Geographic name | América Latina |
| General subdivision | Relaciones exteriores |
| 651 #7 - SUBJECT ADDED ENTRY--GEOGRAPHIC NAME | |
| Source of heading or term | lemb |
| Geographic name | Estados Unidos |
| General subdivision | Historia |
| -- | Relaciones exteriores |
| Geographic subdivision | América Latina |
| 700 1# - ADDED ENTRY--PERSONAL NAME | |
| Personal name | Palma Behnke, Marisol, |
| Relator term | traducción |
| 942 ## - ADDED ENTRY ELEMENTS (KOHA) | |
| Source of classification or shelving scheme | Biblioteca del Cogreso de los Estados Unidos |
| Koha item type | Libro |
| Estado de pérdida | Fuente de clasificación | Estado del daño | No para préstamo | Ubicación permanente | Ubicación actual | Apartado o colección | Fecha de adquisición | Edición | Dependencia de educación superior (DES) | Área del conocimiento | Clasificación | Código de Barras | Date last seen | Número de copia | Costo por reposición | Tipo de recurso | Nota pública | Total Checkouts |
|---|---|---|---|---|---|---|---|---|---|---|---|---|---|---|---|---|---|---|
| Biblioteca del Cogreso de los Estados Unidos | Biblioteca del Instituto de Investigaciones Históricas | Biblioteca del Instituto de Investigaciones Históricas | General | 20/09/2019 | 1a ed. | Humanidades | Ciencias Sociales y Administrativas | F1418 R56 2016 | IIH000029016 | 20/09/2019 | 1 | 1.00 | Libro | GENERAL | ||||
| Biblioteca del Cogreso de los Estados Unidos | Biblioteca del Instituto de Investigaciones Históricas | Biblioteca del Instituto de Investigaciones Históricas | General | 22/09/2023 | 1a ed. | Humanidades | Ciencias Sociales y Administrativas | F1418 R56 2016 | IIH000035399 | 22/09/2023 | 2 | 1.00 | Libro | |||||
| Biblioteca del Cogreso de los Estados Unidos | Biblioteca del Instituto de Investigaciones Históricas | Biblioteca del Instituto de Investigaciones Históricas | General | 22/09/2023 | 1a ed. | Humanidades | Ciencias Sociales y Administrativas | F1418 R56 2016 | IIH000035400 | 22/09/2023 | 3 | 1.00 | Libro |